000 00843nam a2200229 i 4500
001 39776
003 ES-MaACL
005 20230906160058.0
007 t|
008 030304s1972 sp ||||1| spa d
245 0 4 _aLos indicadores sociales a debate /
_cdirigido por Salustiano del Campo Urbano.
260 _aMadrid :
_bEuroamérica,
_c[1972]
300 _a288 p. ;
_c22 cm.
490 1 _aColección Fundación Foessa. Serie Estudios ;
_v8
594 _aPrecede al tít.: Fundación Foessa. Fomento de Estudios Sociales y de Sociología Aplicada.
650 4 _aIndicadores socioeconómicos.
_9168854
700 1 _aCampo Urbano, Salustiano del.
_934221
710 2 _aFundación FOESSA.
_94303
830 0 _aColección Fundación Foessa. Serie Estudios ;
_v8
_9183672
852 _aES-MaACL
_jC-46875
_bR.82181
999 _c39776
_d39776